Guía lírica del auditor de conciertos / (Record no. 22207)

MARC details
000 -LEADER
campo de control de longitud fija 00537nam a2200181 i 4500
001 - NÚMERO DE CONTROL
campo de control 22207
003 - IDENTIFICADOR DE NÚMERO DE CONTROL
campo de control ES-MaACL
005 - FECHA Y HORA DE LA ÚLTIMA TRANSACCIÓN
campo de control 20250823092231.0
007 - CAMPO FIJO DE DESCRIPCIÓN FÍSICA--INFORMACIÓN GENERAL
campo de control de longitud fija t|
008 - DATOS DE LONGITUD FIJA--INFORMACIÓN GENERAL
campo de control de longitud fija 021129s1935 sp ||||1| spa d
100 1# - ENTRADA PRINCIPAL--NOMBRE DE PERSONA
Nombre de persona Alfonso, Eduardo,
Fechas asociadas al nombre 1896-1991
9 (RLIN) 19848
245 10 - MENCIÓN DEL TÍTULO
Título Guía lírica del auditor de conciertos /
Mención de responsabilidad, etc. Eduardo Alfonso.
260 ## - PUBLICACIÓN, DISTRIBUCIÓN, ETC.
Lugar de publicación, distribución, etc. Madrid :
Nombre del editor, distribuidor, etc. Sagitario,
Fecha de publicación, distribución, etc. 1935 (
Fabricante San Rafael)
300 ## - DESCRIPCIÓN FÍSICA
Extensión 291 p. ;
Dimensiones 18 cm.
650 #7 - PUNTO DE ACCESO ADICIONAL DE MATERIA--TÉRMINO DE MATERIA
Término de materia o nombre geográfico como elemento de entrada Música-
Subdivisión general Apreciación
Fuente del encabezamiento o término
9 (RLIN) 170200
852 ## - LOCALIZACIÓN
Ubicación ES-MaACL
Número de control de estantería A-4087
Holdings
Estatus retirado Estado de pérdida Estado de daño No para préstamo Biblioteca de origen Biblioteca actual Ubicación en estantería Fecha de adquisición Fuente de adquisición Total de préstamos Signatura topográfica completa Código de barras Visto por última vez Precio de reemplazo Tipo de ítem Koha
        Biblioteca del Ateneo de Madrid Biblioteca del Ateneo de Madrid Sala Pecera Planta 1 17/01/2008     A-4087 1022856 23/02/2023 23/02/2023 Libro impreso